000
00334nam a2200157Ia 4500
100
_a
Kaushish/J.P.
650
_a
PRODUCTION
250
_a
IIND
942
_c
BK
366
_f
25
245
_a
Manufacturing Process
260
_b
Prentice Hall of India
_a
New Delhi
_c
2009
082
_a
671/KAU
300
_a
737
546
_a
ENGLISH
999
_c
34094
_d
34094